Biggest Dutch-Speaking Cities - Statistics

General Stats
  • This quiz has been taken 779 times
  • The average score is 10 of 15
Answer Stats
Population Country City % Correct
851,573 Netherlands Amsterdam
100%
635,389 Netherlands Rotterdam
98%
527,748 Netherlands The Hague
93%
345,080 Netherlands Utrecht
83%
227,751 Netherlands Eindhoven
74%
517,042 Belgium Antwerp
72%
200,733 Netherlands Groningen
70%
257,029 Belgium Ghent
59%
183,456 Netherlands Breda
55%
214,381 Netherlands Tilburg
52%
175,002 Netherlands Nijmegen
50%
159,556 Netherlands Haarlem
49%
240,924 Suriname Paramaribo
44%
202,764 Netherlands Almere
42%
160,852 Netherlands Apeldoorn
30%
No matching quizzes found
Score Distribution
Percent of People with Each Score
Percentile by Number Answered
Your Score History
You have not taken this quiz